| 000 | 00662nam a22002057a 4500 | ||
|---|---|---|---|
| 005 | 20141007104304.0 | ||
| 010 | _aENG-110991 | ||
| 020 |
_a9789380607740 _c795.00 |
||
| 035 | _aEN-94523 | ||
| 037 | _bDBAD/PUB | ||
| 082 | _a250 | ||
| 100 | _aAnand Singh | ||
| 245 |
_aBuddhism at Sarnath / _cby Anand Singh |
||
| 260 |
_aNew Delhi _bPrimus Books _c2014 |
||
| 270 |
_aVirat Bhavan, Mukherjee Nagar Commercial Complex _bNew Delhi _e110009 |
||
| 300 |
_ax,186p. : _c25cm(Hb) _bill. |
||
| 500 | _aIncludes bibliographical references (p. [163]-171) and index. | ||
| 650 |
_a Buddhism _zIndia _zSārnāth _xHistory. |
||
| 942 |
_2ddc _cEN _mANA _h250 |
||
| 999 |
_c89051 _d89051 |
||